Kariera klubowa Cristiano Ronaldo - Statystyki

Ogólne statystyki
  • Ten quiz został rozwiązany 2 059 razy
  • Średni wynik to 6 z 6
Statystyki odpowiedzi
Lata gry Klub % Poprawnych
2009 - 2018 Real Madryt
100%
2018 - 2021 Juventus
98%
2003 - 2009 Manchester United
98%
2021 - 2022 Manchester United
98%
2002 - 2003 Sporting Lizbona
96%
2023 - obecnie Al-Nassr
91%
Nie znaleziono quizów pasujących do podanych kryteriów
Rozkład punktacji
Procent ludzi z każdym wynikiem
Percentyl według liczby udzielonych odpowiedzi
Twoja historia wyników
Nie rozwiązałeś tego quizu